000 00638nam a2200253Ia 4500
005 20260123164105.0
008 008 260114s9999 xx 000 0 eng d
020 _a9789354435881
037 _aEBOOK
040 _aCRL
040 _beng
040 _cCRL
041 _2eng
041 _aeng
084 _qCRL
100 _aRATCHAGAR NIRMALA P., THILLAIGOVINDAN N., VAIRAMANICKAM K.
_91105800
245 0 _aENGINEERING MATHEMATICS, VOLUME I
260 _bPHI
260 _c2005
856 _uhttps://elibrary.phindia.com/ebooks/reader/9789354435881du
942 _cEBOOK
999 _c1670923
_d1670923